[Event "7th Boris Kostic mem"]
[Site "Vrsac"]
[EventDate "1977.09.14"]
[Date "1977.10.01"]
[Round "15"]
[White "Marovic, Drazen"]
[Black "Torre, Eugenio"]
[Result "1/2-1/2"]
[WhiteElo "2475"]
[BlackElo "2550"]
[PlyCount "22"]
[Source "Perpetual Check"]

1. Nf3 Nf6 2. c4 d6 3. d4 g6 4. Nc3 Bg7 5. g3 O-O 6. Bg2 c6 7. h3 Bf5 8. Nd2 e5
9. d5 cxd5 10. cxd5 Na6 11. O-O Ne8 1/2-1/2